[Event "45th FIDE Chess Olympiad Open"]
[Site "Budapest, Hungary"]
[Date "2024.09.21"]
[Round "10"]
[White "Krysa, Leandro"]
[Black "Kollars, Dmitrij"]
[Result "1/2-1/2"]
[Board "42"]
[WhiteFideId "116807"]
[BlackFideId "12909572"]
[WhiteTitle "GM"]
[BlackTitle "GM"]
[WhiteElo "2495"]
[BlackElo "2659"]
[WhiteTeam "Argentina"]
[BlackTeam "Germany"]
[WhiteClock "0:01:30"]
[BlackClock "0:05:55"]
[Variant "Standard"]

1. d4 {[%clk 1:30:58]}  Nf6 {[%clk 1:30:42]} 2. c4 {[%clk 1:31:07]}  e6 {[%clk 1:31:07]} 3. Nf3 {[%clk 1:31:16]}  d5 {[%clk 1:31:15]} 4. Nc3 {[%clk 1:31:30]}  c6 {[%clk 1:31:09]} 5. Bg5 {[%clk 1:31:22]}  Nbd7 {[%clk 1:30:34]} 6. e3 {[%clk 1:31:07]}  Be7 {[%clk 1:30:56]} 7. Qb3 {[%clk 1:28:58]}  O-O {[%clk 1:29:05]} 8. Be2 {[%clk 1:28:56]}  h6 {[%clk 1:11:24]} 9. Bh4 {[%clk 1:20:20]}  Ne8 {[%clk 1:03:28]} 10. Bg3 {[%clk 1:16:40]}  Nd6 {[%clk 1:02:21]} 11. O-O {[%clk 1:10:38]}  a5 {[%clk 1:00:53]} 12. c5 {[%clk 1:01:20]}  Nf5 {[%clk 1:00:14]} 13. e4 {[%clk 1:01:12]}  Nxg3 {[%clk 0:58:59]} 14. hxg3 {[%clk 1:01:33]}  b6 {[%clk 0:57:13]} 15. exd5 {[%clk 0:54:15]}  exd5 {[%clk 0:56:57]} 16. cxb6 {[%clk 0:54:06]}  Qxb6 {[%clk 0:51:06]} 17. Qc2 {[%clk 0:52:33]}  Bb7 {[%clk 0:49:26]} 18. Rac1 {[%clk 0:48:45]}  Rfe8 {[%clk 0:47:56]} 19. Na4 {[%clk 0:46:18]}  Qa7 {[%clk 0:46:28]} 20. Bd3 {[%clk 0:43:39]}  Bf6 {[%clk 0:38:51]} 21. Bh7+ {[%clk 0:38:52]}  Kh8 {[%clk 0:39:16]} 22. Bf5 {[%clk 0:39:20]}  Nf8 {[%clk 0:39:13]} 23. Nc5 {[%clk 0:22:13]}  Bc8 {[%clk 0:39:30]} 24. Bxc8 {[%clk 0:16:30]}  Raxc8 {[%clk 0:39:56]} 25. Rfe1 {[%clk 0:16:51]}  Qb8 {[%clk 0:35:19]} 26. b3 {[%clk 0:15:29]}  Kg8 {[%clk 0:26:48]} 27. Qc3 {[%clk 0:09:48]}  Qb5 {[%clk 0:25:55]} 28. Re3 {[%clk 0:08:27]}  Rxe3 {[%clk 0:22:32]} 29. Qxe3 {[%clk 0:08:53]}  Rc7 {[%clk 0:22:11]} 30. Rc2 {[%clk 0:05:25]}  Re7 {[%clk 0:21:47]} 31. Qd3 {[%clk 0:04:52]}  h5 {[%clk 0:11:47]} 32. Kf1 {[%clk 0:04:04]}  Qb4 {[%clk 0:09:15]} 33. Qc3 {[%clk 0:02:37]}  Qb6 {[%clk 0:07:18]} 34. Re2 {[%clk 0:00:40]}  Qb5 {[%clk 0:03:59]} 35. Qd3 {[%clk 0:01:03]}  Qxd3 {[%clk 0:03:59]} 36. Nxd3 {[%clk 0:01:32]}  Ne6 {[%clk 0:04:16]} 37. Rc2 {[%clk 0:00:36]}  Rc7 {[%clk 0:04:44]} 38. Nf4 {[%clk 0:00:48]}  g5 {[%clk 0:02:20]} 39. Nxh5 {[%clk 0:00:38]}  Bh8 {[%clk 0:02:41]} 40. g4 {[%clk 0:00:31]}  Nxd4 {[%clk 0:02:30]} 41. Nxd4 {[%clk 0:21:21]}  Bxd4 {[%clk 0:32:49]} 42. Ng3 {[%clk 0:21:42]}  Kf8 {[%clk 0:26:47]} 43. Nf5 {[%clk 0:20:43]}  Bb6 {[%clk 0:26:39]} 44. Re2 {[%clk 0:08:47]}  Rc8 {[%clk 0:21:19]} 45. Ne7 {[%clk 0:06:22]}  Rc7 {[%clk 0:21:10]} 46. Nf5 {[%clk 0:06:47]}  Bc5 {[%clk 0:20:36]} 47. Ke1 {[%clk 0:06:30]}  Bb4+ {[%clk 0:13:57]} 48. Kd1 {[%clk 0:06:50]}  Rc8 {[%clk 0:13:26]} 49. Kc2 {[%clk 0:05:00]}  Re8 {[%clk 0:12:46]} 50. Rxe8+ {[%clk 0:04:17]}  Kxe8 {[%clk 0:13:15]} 51. Kd3 {[%clk 0:04:02]}  Kd7 {[%clk 0:13:07]} 52. f3 {[%clk 0:03:25]}  Bc5 {[%clk 0:12:34]} 53. Ke2 {[%clk 0:02:49]}  Ke6 {[%clk 0:12:48]} 54. Kd3 {[%clk 0:02:59]}  Ke5 {[%clk 0:13:05]} 55. a4 {[%clk 0:01:52]}  Ke6 {[%clk 0:10:11]} 56. Ng7+ {[%clk 0:02:09]}  Kd7 {[%clk 0:10:09]} 57. Nf5 {[%clk 0:02:31]}  Bf8 {[%clk 0:10:08]} 58. Kd4 {[%clk 0:01:57]}  f6 {[%clk 0:10:21]} 59. Kd3 {[%clk 0:02:04]}  Kc7 {[%clk 0:10:29]} 60. Nd4 {[%clk 0:01:52]}  Bd6 {[%clk 0:10:26]} 61. Ne6+ {[%clk 0:01:43]}  Kd7 {[%clk 0:10:26]} 62. Nd4 {[%clk 0:01:51]}  Be5 {[%clk 0:10:50]} 63. Nf5 {[%clk 0:01:35]}  Kc7 {[%clk 0:11:15]} 64. Ne3 {[%clk 0:01:27]}  Kd6 {[%clk 0:11:26]} 65. Nc2 {[%clk 0:01:36]}  Bb2 {[%clk 0:11:19]} 66. Ne3 {[%clk 0:01:50]}  Bc1 {[%clk 0:11:34]} 67. Nf5+ {[%clk 0:01:35]}  Kc5 {[%clk 0:11:53]} 68. Nd4 {[%clk 0:01:39]}  Bb2 {[%clk 0:11:16]} 69. Nc2 {[%clk 0:01:55]}  Be5 {[%clk 0:11:42]} 70. Ke2 {[%clk 0:02:19]}  Bh2 {[%clk 0:10:52]} 71. Kd3 {[%clk 0:02:49]}  Bg1 {[%clk 0:11:16]} 72. Ke2 {[%clk 0:02:21]}  Kd6 {[%clk 0:11:42]} 73. Kd3 {[%clk 0:00:39]}  Ke5 {[%clk 0:12:07]} 74. Ke2 {[%clk 0:00:42]}  Kf4 {[%clk 0:12:28]} 75. b4 {[%clk 0:00:53]}  Ke5 {[%clk 0:11:17]} 76. bxa5 {[%clk 0:01:09]}  Kd6 {[%clk 0:11:29]} 77. g3 {[%clk 0:00:44]}  Ba7 {[%clk 0:11:10]} 78. f4 {[%clk 0:00:46]}  Kc7 {[%clk 0:06:53]} 79. Ne1 {[%clk 0:00:34]}  Bc5 {[%clk 0:07:00]} 80. Nf3 {[%clk 0:00:45]}  Be7 {[%clk 0:07:29]} 81. Nd4 {[%clk 0:00:44]}  Bc5 {[%clk 0:06:50]} 82. Nf3 {[%clk 0:00:36]}  Be7 {[%clk 0:07:19]} 83. Nd4 {[%clk 0:01:03]}  Bc5 {[%clk 0:05:58]} 84. Nf3 {[%clk 0:01:30]}  Be7 {[%clk 0:05:55]} 1/2-1/2

[Event "45th FIDE Chess Olympiad Open"]
[Site "Budapest, Hungary"]
[Date "2024.09.21"]
[Round "10"]
[White "Bluebaum, Matthias"]
[Black "Flores, Diego"]
[Result "1-0"]
[Board "43"]
[WhiteFideId "24651516"]
[BlackFideId "108049"]
[WhiteTitle "GM"]
[BlackTitle "GM"]
[WhiteElo "2640"]
[BlackElo "2546"]
[WhiteTeam "Germany"]
[BlackTeam "Argentina"]
[WhiteClock "0:30:19"]
[BlackClock "0:02:34"]
[Variant "Standard"]

1. d4 {[%clk 1:30:57]}  d6 {[%clk 1:30:36]} 2. Nf3 {[%clk 1:31:11]}  g6 {[%clk 1:30:31]} 3. c4 {[%clk 1:31:35]}  Bg7 {[%clk 1:30:46]} 4. Nc3 {[%clk 1:31:58]}  c5 {[%clk 1:30:52]} 5. dxc5 {[%clk 1:30:15]}  Bxc3+ {[%clk 1:31:06]} 6. bxc3 {[%clk 1:30:40]}  dxc5 {[%clk 1:31:31]} 7. Qxd8+ {[%clk 1:31:05]}  Kxd8 {[%clk 1:31:57]} 8. g3 {[%clk 1:26:37]}  Nd7 {[%clk 1:32:06]} 9. Bg2 {[%clk 1:26:35]}  Ngf6 {[%clk 1:32:09]} 10. Bf4 {[%clk 1:24:23]}  Nh5 {[%clk 0:48:20]} 11. Be3 {[%clk 1:21:13]}  f6 {[%clk 0:27:30]} 12. Rd1 {[%clk 1:11:46]}  Ke8 {[%clk 0:25:16]} 13. Nd2 {[%clk 1:08:40]}  Rb8 {[%clk 0:23:00]} 14. Ne4 {[%clk 1:02:52]}  Ne5 {[%clk 0:20:49]} 15. Nxc5 {[%clk 0:59:12]}  b6 {[%clk 0:20:40]} 16. Nd3 {[%clk 0:55:09]}  Nxc4 {[%clk 0:20:59]} 17. Bh6 {[%clk 0:55:28]}  Nd6 {[%clk 0:12:57]} 18. Bc6+ {[%clk 0:50:11]}  Kf7 {[%clk 0:10:01]} 19. Bd5+ {[%clk 0:50:39]}  Be6 {[%clk 0:03:24]} 20. Bxe6+ {[%clk 0:49:22]}  Kxe6 {[%clk 0:03:50]} 21. g4 {[%clk 0:49:45]}  Rhg8 {[%clk 0:04:15]} 22. gxh5 {[%clk 0:47:03]}  g5 {[%clk 0:04:40]} 23. h4 {[%clk 0:43:01]}  Nf7 {[%clk 0:02:15]} 24. hxg5 {[%clk 0:43:18]}  fxg5 {[%clk 0:02:40]} 25. Bxg5 {[%clk 0:40:08]}  Rxg5 {[%clk 0:03:03]} 26. Nf4+ {[%clk 0:40:32]}  Kf6 {[%clk 0:03:12]} 27. Rd7 {[%clk 0:34:17]}  Nd6 {[%clk 0:03:15]} 28. Rh3 {[%clk 0:31:37]}  Ne4 {[%clk 0:03:21]} 29. Nd5+ {[%clk 0:31:04]}  Kf5 {[%clk 0:01:44]} 30. Rf3+ {[%clk 0:30:54]}  Ke5 {[%clk 0:01:38]} 31. Rxe7+ {[%clk 0:29:45]}  Kxd5 {[%clk 0:01:58]} 32. Rd3+ {[%clk 0:30:12]}  Kc5 {[%clk 0:02:16]} 33. Rxe4 {[%clk 0:30:38]}  Rxh5 {[%clk 0:02:30]} 34. Re7 {[%clk 0:31:04]}  a5 {[%clk 0:01:57]} 35. Rc7+ {[%clk 0:29:03]}  Kb5 {[%clk 0:02:14]} 36. Rd5+ {[%clk 0:29:29]}  Rxd5 {[%clk 0:02:30]} 37. c4+ {[%clk 0:29:59]}  Kb4 {[%clk 0:02:22]} 38. cxd5 {[%clk 0:30:27]}  Ka3 {[%clk 0:02:46]} 39. d6 {[%clk 0:28:58]}  b5 {[%clk 0:01:21]} 40. d7 {[%clk 0:29:10]}  Rd8 {[%clk 0:01:43]} 41. e4 {[%clk 0:29:36]}  b4 {[%clk 0:01:48]} 42. e5 {[%clk 0:30:00]}  Kxa2 {[%clk 0:01:59]} 43. e6 {[%clk 0:30:27]}  b3 {[%clk 0:02:21]} 44. e7 {[%clk 0:29:53]}  b2 {[%clk 0:02:34]} 45. Rc2 {[%clk 0:30:19]} 1-0

[Event "45th FIDE Chess Olympiad Open"]
[Site "Budapest, Hungary"]
[Date "2024.09.21"]
[Round "10"]
[White "Sosa, Tomas"]
[Black "Svane, Frederik"]
[Result "1/2-1/2"]
[Board "44"]
[WhiteFideId "121576"]
[BlackFideId "12923044"]
[WhiteTitle "GM"]
[BlackTitle "GM"]
[WhiteElo "2515"]
[BlackElo "2640"]
[WhiteTeam "Argentina"]
[BlackTeam "Germany"]
[WhiteClock "0:22:13"]
[BlackClock "0:17:14"]
[Variant "Standard"]

1. e4 {[%clk 1:30:55]}  c5 {[%clk 1:30:51]} 2. b3 {[%clk 1:31:08]}  d6 {[%clk 1:24:47]} 3. Bb2 {[%clk 1:30:59]}  Nf6 {[%clk 1:21:18]} 4. Bb5+ {[%clk 1:31:01]}  Nbd7 {[%clk 1:16:45]} 5. Qe2 {[%clk 1:29:26]}  a6 {[%clk 1:14:10]} 6. Bxd7+ {[%clk 1:27:52]}  Bxd7 {[%clk 1:14:37]} 7. f4 {[%clk 1:28:14]}  Bc6 {[%clk 1:12:44]} 8. d3 {[%clk 1:27:42]}  g6 {[%clk 1:12:58]} 9. Nd2 {[%clk 1:14:37]}  Bg7 {[%clk 1:11:59]} 10. Nh3 {[%clk 1:14:01]}  O-O {[%clk 1:07:59]} 11. O-O {[%clk 1:10:15]}  e6 {[%clk 1:02:41]} 12. Rae1 {[%clk 0:56:00]}  b5 {[%clk 0:53:44]} 13. e5 {[%clk 0:42:18]}  Nd7 {[%clk 0:52:41]} 14. c4 {[%clk 0:42:12]}  a5 {[%clk 0:47:25]} 15. cxb5 {[%clk 0:30:16]}  Bxb5 {[%clk 0:46:10]} 16. Nc4 {[%clk 0:30:37]}  dxe5 {[%clk 0:43:40]} 17. fxe5 {[%clk 0:30:18]}  a4 {[%clk 0:43:47]} 18. Nd6 {[%clk 0:27:32]}  Bc6 {[%clk 0:42:09]} 19. bxa4 {[%clk 0:24:57]}  Rxa4 {[%clk 0:41:16]} 20. a3 {[%clk 0:25:09]}  Rh4 {[%clk 0:32:07]} 21. Nf2 {[%clk 0:16:30]}  Bd5 {[%clk 0:29:54]} 22. Ng4 {[%clk 0:04:46]}  Nxe5 {[%clk 0:21:54]} 23. Bxe5 {[%clk 0:03:04]}  Bxe5 {[%clk 0:22:15]} 24. Nxe5 {[%clk 0:03:14]}  Qxd6 {[%clk 0:22:35]} 25. Qf2 {[%clk 0:03:34]}  Qe7 {[%clk 0:08:18]} 26. Nd7 {[%clk 0:03:07]}  Rg4 {[%clk 0:06:47]} 27. Nf6+ {[%clk 0:03:25]}  Qxf6 {[%clk 0:07:12]} 28. Qxf6 {[%clk 0:03:51]}  Rxg2+ {[%clk 0:07:38]} 29. Kh1 {[%clk 0:04:16]}  Re2+ {[%clk 0:08:00]} 30. Kg1 {[%clk 0:04:32]}  Rg2+ {[%clk 0:08:27]} 31. Kh1 {[%clk 0:04:57]}  Rg3+ {[%clk 0:08:39]} 32. Re4 {[%clk 0:04:45]}  Rxd3 {[%clk 0:09:05]} 33. Rff4 {[%clk 0:01:35]}  Rd4 {[%clk 0:08:45]} 34. Qe5 {[%clk 0:01:52]}  f5 {[%clk 0:07:34]} 35. Kg1 {[%clk 0:02:08]}  Rxe4 {[%clk 0:07:52]} 36. Rxe4 {[%clk 0:02:33]}  fxe4 {[%clk 0:08:20]} 37. a4 {[%clk 0:02:10]}  c4 {[%clk 0:08:10]} 38. a5 {[%clk 0:02:03]}  Rc8 {[%clk 0:03:01]} 39. Qc3 {[%clk 0:02:27]}  e3 {[%clk 0:02:34]} 40. Kf1 {[%clk 0:02:20]}  Rf8+ {[%clk 0:01:39]} 41. Ke1 {[%clk 0:30:04]}  Rf2 {[%clk 0:31:56]} 42. Qe5 {[%clk 0:22:56]}  Ra2 {[%clk 0:23:34]} 43. h4 {[%clk 0:22:00]}  c3 {[%clk 0:15:19]} 44. Qb8+ {[%clk 0:21:08]}  Kf7 {[%clk 0:15:39]} 45. Qc7+ {[%clk 0:21:17]}  Kf6 {[%clk 0:15:58]} 46. Qf4+ {[%clk 0:20:54]}  Ke7 {[%clk 0:16:23]} 47. Qc7+ {[%clk 0:21:21]}  Kf6 {[%clk 0:16:49]} 48. Qf4+ {[%clk 0:21:47]}  Ke7 {[%clk 0:17:14]} 49. Qc7+ {[%clk 0:22:13]} 1/2-1/2

[Event "45th FIDE Chess Olympiad Open"]
[Site "Budapest, Hungary"]
[Date "2024.09.21"]
[Round "10"]
[White "Suleymanli, Aydin"]
[Black "Albornoz Cabrera, Carlos Daniel"]
[Result "1-0"]
[Board "45"]
[WhiteFideId "13413937"]
[BlackFideId "3518736"]
[WhiteTitle "GM"]
[BlackTitle "GM"]
[WhiteElo "2632"]
[BlackElo "2579"]
[WhiteTeam "Azerbaijan"]
[BlackTeam "Cuba"]
[WhiteClock "0:01:46"]
[BlackClock "0:03:59"]
[Variant "Standard"]

1. d4 {[%clk 1:30:29]}  Nf6 {[%clk 1:30:55]} 2. c4 {[%clk 1:30:50]}  e6 {[%clk 1:31:21]} 3. Nf3 {[%clk 1:31:14]}  d5 {[%clk 1:31:46]} 4. Nc3 {[%clk 1:31:06]}  Bb4 {[%clk 1:32:10]} 5. Qa4+ {[%clk 1:29:51]}  Nc6 {[%clk 1:32:35]} 6. e3 {[%clk 1:30:14]}  O-O {[%clk 1:32:45]} 7. Qc2 {[%clk 1:29:45]}  Re8 {[%clk 1:33:11]} 8. Bd2 {[%clk 1:28:25]}  Bf8 {[%clk 1:33:30]} 9. a3 {[%clk 1:26:54]}  b6 {[%clk 1:32:27]} 10. cxd5 {[%clk 1:27:14]}  exd5 {[%clk 1:32:41]} 11. Bd3 {[%clk 1:27:33]}  Ne7 {[%clk 1:20:07]} 12. Ne2 {[%clk 1:26:54]}  Ng6 {[%clk 1:18:42]} 13. Rc1 {[%clk 1:08:23]}  c5 {[%clk 1:17:38]} 14. dxc5 {[%clk 1:08:41]}  bxc5 {[%clk 1:18:00]} 15. Bb5 {[%clk 1:04:56]}  Bd7 {[%clk 1:11:16]} 16. Bxd7 {[%clk 1:05:21]}  Qxd7 {[%clk 1:11:43]} 17. O-O {[%clk 1:05:32]}  d4 {[%clk 1:03:04]} 18. Ng3 {[%clk 1:03:46]}  Ne5 {[%clk 0:57:45]} 19. Nxe5 {[%clk 1:03:37]}  Rxe5 {[%clk 0:58:13]} 20. exd4 {[%clk 0:59:21]}  cxd4 {[%clk 0:58:37]} 21. Qc6 {[%clk 0:58:08]}  Qxc6 {[%clk 0:54:32]} 22. Rxc6 {[%clk 0:57:09]}  a5 {[%clk 0:54:47]} 23. Rd1 {[%clk 0:56:19]}  Rd5 {[%clk 0:51:09]} 24. Ne2 {[%clk 0:52:52]}  Bd6 {[%clk 0:39:20]} 25. f3 {[%clk 0:43:49]}  Re8 {[%clk 0:33:54]} 26. Nf4 {[%clk 0:37:44]}  Bxf4 {[%clk 0:34:04]} 27. Bxf4 {[%clk 0:38:10]}  h5 {[%clk 0:31:24]} 28. h4 {[%clk 0:33:25]}  Re2 {[%clk 0:27:28]} 29. Rd2 {[%clk 0:33:11]}  Re1+ {[%clk 0:27:52]} 30. Kf2 {[%clk 0:32:26]}  Rb1 {[%clk 0:28:10]} 31. Rd6 {[%clk 0:17:22]}  d3 {[%clk 0:18:49]} 32. Kg3 {[%clk 0:12:55]}  Rxd6 {[%clk 0:10:19]} 33. Bxd6 {[%clk 0:13:20]}  Nd7 {[%clk 0:10:46]} 34. Rxd3 {[%clk 0:11:38]}  Rxb2 {[%clk 0:11:10]} 35. Bc7 {[%clk 0:12:02]}  Nc5 {[%clk 0:10:47]} 36. Rd8+ {[%clk 0:11:55]}  Kh7 {[%clk 0:11:15]} 37. Bxa5 {[%clk 0:09:18]}  Ne6 {[%clk 0:09:42]} 38. Rd2 {[%clk 0:09:04]}  Rb3 {[%clk 0:08:30]} 39. Ra2 {[%clk 0:08:31]}  f6 {[%clk 0:03:13]} 40. a4 {[%clk 0:07:24]}  Nc5 {[%clk 0:02:54]} 41. Be1 {[%clk 0:05:48]}  Rb1 {[%clk 0:27:45]} 42. Bf2 {[%clk 0:34:33]}  Na6 {[%clk 0:26:01]} 43. a5 {[%clk 0:34:42]}  Rb5 {[%clk 0:26:11]} 44. Be1 {[%clk 0:34:15]}  Rb1 {[%clk 0:25:37]} 45. Bd2 {[%clk 0:31:21]}  Rb5 {[%clk 0:25:04]} 46. Kf2 {[%clk 0:26:53]}  Kg6 {[%clk 0:24:14]} 47. Ke3 {[%clk 0:23:30]}  Kf5 {[%clk 0:24:15]} 48. Bc3 {[%clk 0:23:30]}  Rc5 {[%clk 0:21:09]} 49. Kd4 {[%clk 0:21:49]}  Rc8 {[%clk 0:21:32]} 50. Bd2 {[%clk 0:21:27]}  g5 {[%clk 0:20:24]} 51. hxg5 {[%clk 0:20:42]}  fxg5 {[%clk 0:20:48]} 52. Rb2 {[%clk 0:20:07]}  Nc7 {[%clk 0:20:39]} 53. Ke3 {[%clk 0:15:13]}  g4 {[%clk 0:20:06]} 54. Kf2 {[%clk 0:14:57]}  gxf3 {[%clk 0:20:09]} 55. Kxf3 {[%clk 0:14:44]}  Rd8 {[%clk 0:19:17]} 56. Bf4 {[%clk 0:14:46]}  Nd5 {[%clk 0:17:51]} 57. Bd2 {[%clk 0:09:22]}  Nc7 {[%clk 0:16:27]} 58. Be3 {[%clk 0:07:17]}  Rd3 {[%clk 0:16:14]} 59. Rd2 {[%clk 0:07:04]}  Rc3 {[%clk 0:14:57]} 60. Rd1 {[%clk 0:07:18]}  Ra3 {[%clk 0:14:40]} 61. Rd7 {[%clk 0:07:25]}  Rc3 {[%clk 0:14:15]} 62. Kf2 {[%clk 0:05:29]}  Ke6 {[%clk 0:12:15]} 63. Rh7 {[%clk 0:05:16]}  Nd5 {[%clk 0:12:44]} 64. Rh6+ {[%clk 0:03:33]}  Kf7 {[%clk 0:13:13]} 65. Bd4 {[%clk 0:03:23]}  Rc4 {[%clk 0:12:00]} 66. Bh8 {[%clk 0:02:01]}  Nf4 {[%clk 0:05:43]} 67. a6 {[%clk 0:02:08]}  Ra4 {[%clk 0:05:25]} 68. a7 {[%clk 0:01:58]}  Ne6 {[%clk 0:05:15]} 69. Be5 {[%clk 0:02:04]}  Ng5 {[%clk 0:04:56]} 70. Bd4 {[%clk 0:02:05]}  Ne6 {[%clk 0:03:46]} 71. Be3 {[%clk 0:02:14]}  Ra2+ {[%clk 0:03:06]} 72. Kg1 {[%clk 0:02:26]}  Ra5 {[%clk 0:03:32]} 73. Rh8 {[%clk 0:02:08]}  Nf8 {[%clk 0:03:59]} 74. Bc5 {[%clk 0:01:46]} 1-0

[Event "45th FIDE Chess Olympiad Open"]
[Site "Budapest, Hungary"]
[Date "2024.09.21"]
[Round "10"]
[White "Quesada Perez, Luis Ernesto"]
[Black "Abasov, Nijat"]
[Result "1/2-1/2"]
[Board "46"]
[WhiteFideId "3520773"]
[BlackFideId "13402960"]
[WhiteTitle "GM"]
[BlackTitle "GM"]
[WhiteElo "2578"]
[BlackElo "2626"]
[WhiteTeam "Cuba"]
[BlackTeam "Azerbaijan"]
[WhiteClock "0:17:21"]
[BlackClock "0:23:57"]
[Variant "Standard"]

1. d4 {[%clk 1:28:56]}  d5 {[%clk 1:30:46]} 2. c4 {[%clk 1:29:20]}  e6 {[%clk 1:31:12]} 3. Nf3 {[%clk 1:29:33]}  Nf6 {[%clk 1:31:36]} 4. Nc3 {[%clk 1:29:33]}  c6 {[%clk 1:31:58]} 5. e3 {[%clk 1:26:06]}  Nbd7 {[%clk 1:31:55]} 6. Qc2 {[%clk 1:26:20]}  b6 {[%clk 1:32:19]} 7. b3 {[%clk 1:25:38]}  Bb7 {[%clk 1:29:51]} 8. Bb2 {[%clk 1:25:16]}  Bb4 {[%clk 1:30:00]} 9. Be2 {[%clk 1:17:57]}  Ne4 {[%clk 1:21:33]} 10. O-O {[%clk 1:18:13]}  Bxc3 {[%clk 1:21:46]} 11. Bxc3 {[%clk 1:18:38]}  Nxc3 {[%clk 1:22:11]} 12. Qxc3 {[%clk 1:19:02]}  O-O {[%clk 1:22:07]} 13. cxd5 {[%clk 1:03:30]}  exd5 {[%clk 1:15:01]} 14. b4 {[%clk 0:57:22]}  Re8 {[%clk 1:12:55]} 15. Rfc1 {[%clk 0:54:05]}  a5 {[%clk 1:11:40]} 16. a3 {[%clk 0:52:14]}  Qe7 {[%clk 1:03:28]} 17. Nd2 {[%clk 0:52:19]}  Qd6 {[%clk 1:03:13]} 18. h3 {[%clk 0:44:53]}  axb4 {[%clk 0:42:48]} 19. axb4 {[%clk 0:43:49]}  Rxa1 {[%clk 0:42:15]} 20. Rxa1 {[%clk 0:44:08]}  Ra8 {[%clk 0:42:42]} 21. Rxa8+ {[%clk 0:40:04]}  Bxa8 {[%clk 0:41:58]} 22. Qa3 {[%clk 0:39:12]}  Bb7 {[%clk 0:41:58]} 23. Bg4 {[%clk 0:28:30]}  Nf6 {[%clk 0:40:14]} 24. Qa7 {[%clk 0:27:40]}  Qc7 {[%clk 0:40:33]} 25. Nf3 {[%clk 0:22:03]}  g6 {[%clk 0:31:15]} 26. Ne5 {[%clk 0:22:15]}  Kg7 {[%clk 0:25:55]} 27. Be2 {[%clk 0:17:50]}  b5 {[%clk 0:18:08]} 28. h4 {[%clk 0:09:36]}  h5 {[%clk 0:14:36]} 29. Bf3 {[%clk 0:07:04]}  Nd7 {[%clk 0:13:07]} 30. g3 {[%clk 0:04:38]}  Qb8 {[%clk 0:09:13]} 31. Qxb8 {[%clk 0:02:31]}  Nxb8 {[%clk 0:09:37]} 32. Nd3 {[%clk 0:02:23]}  Na6 {[%clk 0:04:02]} 33. Nc5 {[%clk 0:01:29]}  Nxc5 {[%clk 0:04:27]} 34. dxc5 {[%clk 0:01:54]}  f5 {[%clk 0:04:42]} 35. Kf1 {[%clk 0:01:11]}  Kf6 {[%clk 0:05:05]} 36. Bd1 {[%clk 0:00:54]}  Bc8 {[%clk 0:05:13]} 37. f3 {[%clk 0:01:08]}  Ke5 {[%clk 0:05:33]} 38. Ke2 {[%clk 0:01:29]}  Bd7 {[%clk 0:05:55]} 39. Kd2 {[%clk 0:01:33]}  Bc8 {[%clk 0:06:05]} 40. Bc2 {[%clk 0:01:49]}  Bd7 {[%clk 0:06:29]} 41. g4 {[%clk 0:19:13]}  Kf6 {[%clk 0:23:31]} 42. gxh5 {[%clk 0:19:21]}  gxh5 {[%clk 0:23:57]} 43. f4 {[%clk 0:17:21]} 1/2-1/2

[Event "45th FIDE Chess Olympiad Open"]
[Site "Budapest, Hungary"]
[Date "2024.09.21"]
[Round "10"]
[White "Mamedov, Rauf"]
[Black "Berdayes Ason, Dylan Isidro"]
[Result "1-0"]
[Board "47"]
[WhiteFideId "13401653"]
[BlackFideId "3516016"]
[WhiteTitle "GM"]
[BlackTitle "GM"]
[WhiteElo "2637"]
[BlackElo "2474"]
[WhiteTeam "Azerbaijan"]
[BlackTeam "Cuba"]
[WhiteClock "0:03:10"]
[BlackClock "0:00:52"]
[Variant "Standard"]

1. e4 {[%clk 1:30:18]}  c6 {[%clk 1:30:56]} 2. Nf3 {[%clk 1:30:45]}  d5 {[%clk 1:31:20]} 3. Nc3 {[%clk 1:31:13]}  dxe4 {[%clk 1:31:43]} 4. Nxe4 {[%clk 1:31:38]}  Nf6 {[%clk 1:32:08]} 5. Qe2 {[%clk 1:32:05]}  Nxe4 {[%clk 1:32:27]} 6. Qxe4 {[%clk 1:32:32]}  Qa5 {[%clk 1:32:53]} 7. b4 {[%clk 1:29:47]}  Qd5 {[%clk 1:33:12]} 8. Qh4 {[%clk 1:24:48]}  Qe6+ {[%clk 1:31:57]} 9. Be2 {[%clk 1:22:23]}  Qg4 {[%clk 1:29:26]} 10. Bb2 {[%clk 1:09:19]}  Qxh4 {[%clk 1:29:22]} 11. Nxh4 {[%clk 1:05:55]}  Nd7 {[%clk 1:28:34]} 12. Nf3 {[%clk 0:57:41]}  Nf6 {[%clk 1:16:41]} 13. b5 {[%clk 0:47:36]}  cxb5 {[%clk 0:57:42]} 14. Bxb5+ {[%clk 0:47:38]}  Bd7 {[%clk 0:54:08]} 15. a4 {[%clk 0:48:05]}  a6 {[%clk 0:38:18]} 16. Be2 {[%clk 0:46:01]}  Rc8 {[%clk 0:38:44]} 17. O-O {[%clk 0:45:07]}  e6 {[%clk 0:31:25]} 18. c4 {[%clk 0:26:35]}  Bd6 {[%clk 0:22:36]} 19. Rfb1 {[%clk 0:24:58]}  Bc6 {[%clk 0:12:22]} 20. Nd4 {[%clk 0:24:39]}  Be4 {[%clk 0:12:35]} 21. d3 {[%clk 0:17:14]}  Bg6 {[%clk 0:13:03]} 22. Nb3 {[%clk 0:17:15]}  O-O {[%clk 0:11:27]} 23. Na5 {[%clk 0:16:52]}  Rc7 {[%clk 0:06:18]} 24. Bd4 {[%clk 0:12:42]}  Rd7 {[%clk 0:04:22]} 25. Rxb7 {[%clk 0:06:47]}  Rxb7 {[%clk 0:02:27]} 26. Nxb7 {[%clk 0:07:13]}  Bc7 {[%clk 0:02:11]} 27. Nc5 {[%clk 0:06:11]}  a5 {[%clk 0:02:11]} 28. Rb1 {[%clk 0:06:21]}  Rc8 {[%clk 0:01:36]} 29. h4 {[%clk 0:03:21]}  h6 {[%clk 0:01:57]} 30. Be3 {[%clk 0:03:09]}  Ne8 {[%clk 0:01:22]} 31. h5 {[%clk 0:02:58]}  Bh7 {[%clk 0:01:50]} 32. Rb3 {[%clk 0:03:15]}  g5 {[%clk 0:00:49]} 33. hxg6 {[%clk 0:03:19]}  Bxg6 {[%clk 0:01:18]} 34. Bxh6 {[%clk 0:03:32]}  Nd6 {[%clk 0:00:53]} 35. g4 {[%clk 0:03:34]}  Bd8 {[%clk 0:00:36]} 36. Nd7 {[%clk 0:03:33]}  Bh7 {[%clk 0:00:32]} 37. Bf4 {[%clk 0:03:38]}  Ne8 {[%clk 0:00:52]} 38. Rb5 {[%clk 0:03:10]} 1-0